The discovery of the Americas / (Record no. 4020)

MARC details
000 -LEADER
fixed length control field 01414pam a2200337 a 4500
001 - CONTROL NUMBER
control field 4020
003 - CONTROL NUMBER IDENTIFIER
control field FISKH
005 - DATE AND TIME OF LATEST TRANSACTION
control field 20240531101937.0
008 - FIXED-LENGTH DATA ELEMENTS--GENERAL INFORMATION
fixed length control field 890329s1991 nyuab j 000 0 eng
010 ## - LIBRARY OF CONGRESS CONTROL NUMBER
LC control number 89032375
020 ## - INTERNATIONAL STANDARD BOOK NUMBER
International Standard Book Number 0688068375
020 ## - INTERNATIONAL STANDARD BOOK NUMBER
International Standard Book Number 0688068383 (lib. bdg.)
040 ## - CATALOGING SOURCE
Original cataloging agency DLC
Transcribing agency DLC
Modifying agency DLC
Language of cataloging eng
042 ## - AUTHENTICATION CODE
Authentication code lcac
043 ## - GEOGRAPHIC AREA CODE
Geographic area code n------
-- s------
050 00 - LIBRARY OF CONGRESS CALL NUMBER
Classification number E101
Item number .M29 1991
082 00 - DEWEY DECIMAL CLASSIFICATION NUMBER
Classification number 917.04/1
Edition number 20
100 1# - MAIN ENTRY--PERSONAL NAME
Personal name Maestro, Betsy
245 14 - TITLE STATEMENT
Title The discovery of the Americas /
Statement of responsibility, etc. by Betsy and Giulio Maestro ; illustrated by Giulio Maestro.
260 ## - PUBLICATION, DISTRIBUTION, ETC.
Place of publication, distribution, etc. New York :
Name of publisher, distributor, etc. HarperCollins,
Date of publication, distribution, etc. 1991
300 ## - PHYSICAL DESCRIPTION
Extent 48 pages :
Other physical details color illustrations, maps ;
Dimensions 29 cm
520 ## - SUMMARY, ETC.
Summary, etc. Discusses both hypothetical and historical voyages of discovery to America by the Phoenicians, Saint Brendan of Ireland, the Vikings, and such later European navigators as Columbus, Cabot, and Magellan.
521 8# - TARGET AUDIENCE NOTE
Target audience note 1110 <br/>
Source Lexile AD
651 #0 - SUBJECT ADDED ENTRY--GEOGRAPHIC NAME
Geographic name America
General subdivision Discovery and exploration
-- Juvenile literature.
651 #1 - SUBJECT ADDED ENTRY--GEOGRAPHIC NAME
Geographic name America
General subdivision Discovery and exploration.
700 1# - ADDED ENTRY--PERSONAL NAME
Personal name Maestro, Giulio.
856 42 - ELECTRONIC LOCATION AND ACCESS
Materials specified Contributor biographical information
Uniform Resource Identifier <a href="http://www.loc.gov/catdir/enhancements/fy1311/89032375-b.html">http://www.loc.gov/catdir/enhancements/fy1311/89032375-b.html</a>
906 ## - LOCAL DATA ELEMENT F, LDF (RLIN)
a 7
b cbc
c orignew
d 1
e ocip
f 19
g y-gencatlg
942 ## - ADDED ENTRY ELEMENTS (KOHA)
Source of classification or shelving scheme Dewey Decimal Classification
Koha item type Books
Suppress in OPAC No
Holdings
Withdrawn status Lost status Source of classification or shelving scheme Damaged status Not for loan Collection Home library Current library Shelving location Date acquired Total Checkouts Full call number Barcode Date last seen Price effective from Koha item type
    Dewey Decimal Classification     Non-Fiction Footprints International School Library Network Toul Kork Campus Footprints International School Library Network Toul Kork Campus A TK Campus, 4th Floor, Room B401, Non-Fiction Bookcases(7-8) 05/31/2024   MAE 813.6 PZ7.L8555 2024-0762 05/31/2024 05/31/2024 Books